| 000 | 00869cab a2200229 4500 | ||
|---|---|---|---|
| 001 | WB2826-28 | ||
| 008 | 090401t1992 xxu||||| |||| 00| 0 eng d | ||
| 035 | _a(Sirsi) u49504 | ||
| 041 | _aeng | ||
| 245 | _aLondoners locked in to high rents | ||
| 260 | _c1992 | ||
| 350 | _a0 | ||
| 490 |
_aDaily Telegraph _v30 June 1992, 25(1) |
||
| 520 | _aThe fall in rental values in Central London resulting in overrenting of properties let or reviewed after 1986, the assignment of leases and sub-letting, concessions to tenants and the impact of the present state of the market are the key issues covered in Richard Ellis` recent report on the commercial property market. | ||
| 650 | _aCENTRAL LONDON | ||
| 650 | _aOFFICE RENTS | ||
| 650 | _aOVER-RENTING | ||
| 650 | _aCBRE | ||
| 690 | _aLANDLORD AND TENANT-BUSINESS TENANCIES | ||
| 942 | _n0 | ||
| 948 | _c04/03/1997 | ||
| 999 |
_c30982 _d30982 |
||